[Event "48th USA-ch (w)"]
[Site "Saint Louis USA"]
[Date "2009.10.04"]
[Round "1"]
[White "Baginskaite, Camilla"]
[Black "Abrahamyan, Tatev"]
[Result "1-0"]
[WhiteElo "2317"]
[BlackElo "2275"]
[EventDate "2009.10.04"]
[PlyCount "57"]

1.d4 Nf6 2.c4 c5 3.d5 b5 4.cxb5 a6 5.b6 d6 6.Nc3 g6 7.a4 Qxb6 8.Nf3 Bg7 9.
Nd2 O-O 10.e4 Nbd7 11.Be2 Rb8 12.Nc4 Qc7 13.O-O Rb4 14.Qc2 Ne8 15.Bd2 Ne5 
16.Nd1 Rb8 17.Na5 f5 18.f4 Nf7 19.Nc6 Ra8 20.Ba5 Qb7 21.Bc3 Nf6 22.Bf3 
fxe4 23.Bxe4 Nxe4 24.Qxe4 Re8 25.Ne3 Nh6 26.Rae1 Bxc3 27.bxc3 Nf5 28.Nc4 
h5 29.Nxd6 1-0

[Event "48th USA-ch (w)"]
[Site "Saint Louis USA"]
[Date "2009.10.04"]
[Round "1"]
[White "Fan, Yun"]
[Black "Foisor, Sabina-Francesca"]
[Result "0-1"]
[WhiteElo "1935"]
[BlackElo "2320"]
[EventDate "2009.10.04"]
[PlyCount "148"]

1.e4 c5 2.Nf3 g6 3.d4 cxd4 4.Nxd4 Bg7 5.Nc3 Nc6 6.Be3 Nf6 7.Bc4 Qa5 8.f3 
a6 9.Bb3 d6 10.Qd2 Nxd4 11.Bxd4 Be6 12.Bxe6 fxe6 13.h4 Rc8 14.h5 e5 15.h6 
Bxh6 16.Rxh6 exd4 17.Qxd4 Qg5 18.Qd2 Qg3+ 19.Qf2 Qxf2+ 20.Kxf2 b5 21.a3 
O-O 22.Rh3 Ng4+ 23.Ke2 Ne5 24.Rah1 Rf7 25.f4 Nc4 26.b3 Nxa3 27.Kd3 Nxc2 
28.Nd5 a5 29.g4 Nb4+ 30.Kd4 Nxd5 31.Kxd5 Rc5+ 32.Ke6 Rxf4 33.Kxe7 Re5+ 34.
Kxd6 Rexe4 35.Rxh7 Rxg4 36.Ra7 Rh4 37.Rc1 Rd4+ 38.Ke6 Rhe4+ 39.Kf6 Rd6+ 
40.Kg5 Re5+ 41.Kf4 Rf5+ 42.Ke4 Rf7 43.Rxa5 Re7+ 44.Kf4 Rd5 45.Rc6 Rf5+ 46.
Kg4 Kh7 47.Raa6 Re4+ 48.Kg3 Rg5+ 49.Kf2 Rf4+ 50.Ke2 Rh4 51.Ra8 Rf5 52.Raa6
Rg4 53.Ke3 Kh6 54.Rab6 Kh5 55.Re6 Rfg5 56.Kd3 Rg3+ 57.Kc2 Rf5 58.Kb2 g5 
59.Ka3 Rd3 60.Re8 Kg4 61.Reb8 Rdd5 62.Kb4 Kf3 63.Rg6 g4 64.Rbg8 Rf4+ 65.
Ka5 b4+ 66.Ka4 Rd1 67.Rc6 g3 68.Rc4 Rxc4 69.bxc4 Rb1 70.Rf8+ Ke3 71.Rg8 
Kf2 72.c5 b3 73.Rg5 g2 74.Rf5+ Ke3 0-1

[Event "48th USA-ch (w)"]
[Site "Saint Louis USA"]
[Date "2009.10.06"]
[Round "3"]
[White "Baginskaite, Camilla"]
[Black "Goletiani, Rusudan"]
[Result "1/2-1/2"]
[WhiteElo "2317"]
[BlackElo "2391"]
[EventDate "2009.10.04"]
[PlyCount "66"]

1.Nf3 g6 2.c4 Bg7 3.Nc3 e5 4.g3 Ne7 5.Bg2 c5 6.O-O O-O 7.d3 Nbc6 8.e4 d6 
9.Be3 f5 10.Qd2 Nd4 11.Bg5 Ne6 12.Bh4 Qd7 13.Nd5 Nxd5 14.exd5 Nc7 15.Ng5 
Kh8 16.f4 h6 17.Nh3 b5 18.fxe5 dxe5 19.g4 f4 20.g5 h5 21.Rf3 Ne8 22.Bf2 
Qc7 23.cxb5 Bg4 24.Rc1 Bxf3 25.Bxf3 Nd6 26.Bxc5 Rfc8 27.Kg2 Rab8 28.a4 Nf5
29.Be4 Qd7 30.Nf2 Qd8 31.Nh3 Qd7 32.Nf2 Qd8 33.Nh3 Qd7 1/2-1/2

[Event "48th USA-ch (w)"]
[Site "Saint Louis USA"]
[Date "2009.10.06"]
[Round "3"]
[White "Battsetseg, Tsagaan"]
[Black "Fan, Yun"]
[Result "1-0"]
[WhiteElo "2258"]
[BlackElo "1935"]
[EventDate "2009.10.04"]
[PlyCount "201"]

1.e4 c5 2.Nf3 d6 3.d4 cxd4 4.Nxd4 Nf6 5.Nc3 Nc6 6.Bg5 e6 7.f3 Qb6 8.Nb3 a6
9.Qd2 Nd7 10.O-O-O Qc7 11.f4 b5 12.f5 Nde5 13.fxe6 Bxe6 14.Nd5 Bxd5 15.
exd5 Ne7 16.Nd4 Rc8 17.Kb1 h6 18.Bf4 N7g6 19.g3 Be7 20.Bh3 Ra8 21.Nc6 Nc4 
22.Qe2 O-O 23.Rde1 Bf6 24.Bc1 Nge5 25.Rhf1 Nxc6 26.Rxf6 Rfe8 27.Qxe8+ Rxe8
28.Rxe8+ Kh7 29.Rf1 Nd4 30.Rc8 Qe7 31.b3 Nb6 32.Rc3 b4 33.Re3 Qc7 34.Bf5+ 
g6 35.Bb2 Nxd5 36.Bxd4 Nxe3 37.Bxe3 gxf5 38.Rxf5 Kg6 39.Rf4 f5 40.Bd2 a5 
41.g4 fxg4 42.Rxg4+ Kf5 43.Rh4 d5 44.Rxh6 Qd8 45.Rh3 d4 46.Rd3 Qd5 47.h3 
Qg2 48.Kb2 Ke4 49.Be1 Qg7 50.Bf2 Qf6 51.Bxd4 Qh4 52.a3 Qh6 53.axb4 axb4 
54.Kb1 Qh5 55.Bb2 Qc5 56.Rd4+ Kf5 57.h4 Qb5 58.Bc1 Qb6 59.Rc4 Kg6 60.Bd2 
Kh5 61.Bxb4 Qg1+ 62.Kb2 Qg7+ 63.Bc3 Qe7 64.b4 Qe6 65.Rd4 Qc6 66.Rf4 Qd6 
67.Re4 Qc6 68.Re5+ Kxh4 69.b5 Qb6 70.Kb3 Kg4 71.Bb2 Qd6 72.Kc4 Qd1 73.Kb3 
Qd6 74.Re4+ Kf3 75.Rd4 Qe6+ 76.c4 Qe3+ 77.Kb4 Qe1+ 78.Bc3 Qb1+ 79.Ka5 Qc2 
80.Bb4 Qb2 81.Bc5 Qa2+ 82.Kb6 Qa8 83.Bd6 Qd8+ 84.Kc6 Qc8+ 85.Kb6 Qd8+ 86.
Kc5 Qg5+ 87.Rd5 Qe3+ 88.Kc6 Qe8+ 89.Kb7 Qd7+ 90.Bc7 Qe8 91.Rf5+ Kg4 92.Re5
Qd7 93.b6 Qd3 94.c5 Qf3+ 95.c6 Qf8 96.Rd5 Qf3 97.Rd8 Kh5 98.Bd6 Qf7+ 99.c7
Qd5+ 100.Kb8 Qc6 101.b7 1-0

[Event "48th USA-ch (w)"]
[Site "Saint Louis USA"]
[Date "2009.10.06"]
[Round "3"]
[White "Zenyuk, Iryna"]
[Black "Foisor, Sabina-Francesca"]
[Result "0-1"]
[WhiteElo "2285"]
[BlackElo "2320"]
[EventDate "2009.10.04"]
[PlyCount "92"]

1.d4 d5 2.c4 c6 3.cxd5 cxd5 4.Bf4 Nf6 5.e3 a6 6.Bd3 Nc6 7.Nc3 e6 8.Rc1 Bd6
9.Bxd6 Qxd6 10.f4 h6 11.Nf3 g5 12.O-O gxf4 13.Nh4 e5 14.dxe5 Qxe5 15.exf4 
Qd4+ 16.Kh1 Bg4 17.Ne2 Qb6 18.Nf5 Bxf5 19.Bxf5 Kf8 20.Nc3 Ne7 21.Na4 Qd6 
22.Bb1 d4 23.Nc5 Qd5 24.Re1 Rg8 25.Qe2 Re8 26.Be4 Nxe4 27.Qxe4 Qxe4 28.
Rxe4 Nf5 29.Rxe8+ Kxe8 30.Nxb7 Rg6 31.Nc5 Ne3 32.g3 h5 33.Nd3 h4 34.Rc8+ 
Ke7 35.Rc7+ Kd6 36.Rxf7 hxg3 37.hxg3 Rxg3 38.Rf6+ Kd5 39.Rxa6 Ke4 40.Ra3 
Kf3 41.f5 Rh3+ 42.Kg1 Rg3+ 43.Kh1 Ke2 44.Nf4+ Kf1 45.Ra4 Rg4 46.Nh3 d3 0-1

[Event "48th USA-ch (w)"]
[Site "Saint Louis USA"]
[Date "2009.10.07"]
[Round "4"]
[White "Zenyuk, Iryna"]
[Black "Battsetseg, Tsagaan"]
[Result "1/2-1/2"]
[WhiteElo "2285"]
[BlackElo "2258"]
[EventDate "2009.10.04"]
[PlyCount "91"]

1.d4 Nf6 2.c4 g6 3.Nc3 Bg7 4.e4 d6 5.Nge2 O-O 6.Ng3 c5 7.d5 e6 8.Be2 a6 9.
O-O exd5 10.exd5 Ne8 11.Bf4 f5 12.Qd2 Nd7 13.Bg5 Bf6 14.Bxf6 Qxf6 15.f4 
Nc7 16.Kh1 Rb8 17.a4 Re8 18.Rfe1 Qd4 19.Bd3 Nf8 20.Rxe8 Nxe8 21.Nge2 Qf2 
22.Nd1 Qh4 23.Ng1 Bd7 24.Nf3 Qf6 25.Nc3 Nc7 26.h3 h6 27.Bf1 Re8 28.Rb1 a5 
29.Bd3 Na6 30.Rg1 Nb4 31.Bb1 Qe7 32.Re1 Qf6 33.Rg1 Qe7 34.Qf2 Qf6 35.Nb5 
Re7 36.Qd2 Rf7 37.Qc3 Nh7 38.Re1 Bxb5 39.axb5 Re7 40.Rf1 b6 41.Qd2 Qf7 42.
g4 fxg4 43.hxg4 Nf6 44.Nh4 Ne4 45.Qh2 Qf6 46.Nf3 1/2-1/2

[Event "48th USA-ch (w)"]
[Site "Saint Louis USA"]
[Date "2009.10.08"]
[Round "5"]
[White "Baginskaite, Camilla"]
[Black "Fan, Yun"]
[Result "1-0"]
[WhiteElo "2317"]
[BlackElo "1935"]
[EventDate "2009.10.04"]
[PlyCount "109"]

1.d4 d5 2.c4 e6 3.Nc3 Be7 4.Nf3 Nf6 5.Bg5 O-O 6.e3 h6 7.Bh4 b6 8.Qb3 Bb7 
9.Bxf6 Bxf6 10.cxd5 exd5 11.Rd1 Re8 12.Bd3 c6 13.O-O Nd7 14.Rfe1 Nf8 15.e4
Ne6 16.e5 Be7 17.Bf5 Bf8 18.g3 Bc8 19.Qc2 Ng5 20.Nxg5 Bxf5 21.Qxf5 Qxg5 
22.Qxg5 hxg5 23.f4 gxf4 24.gxf4 g6 25.Kf2 Bh6 26.Kf3 Re6 27.b4 a6 28.Na4 
Rb8 29.Rg1 Kh7 30.Rdf1 Bf8 31.a3 a5 32.Rb1 axb4 33.axb4 f6 34.Rgc1 fxe5 
35.fxe5 Bh6 36.Rf1 Re7 37.Rb3 Ra7 38.Nc3 Bd2 39.Ke2 Bg5 40.b5 c5 41.dxc5 
bxc5 42.Nxd5 Ra2+ 43.Kd3 Rxh2 44.b6 Rh4 45.Kc3 Rd4 46.Nf6+ Kg7 47.Rb2 Rf4 
48.Rxf4 Bxf4 49.Nd7 Rb7 50.e6 Bd6 51.Kc4 g5 52.Kd5 Bf4 53.Kc6 Rb8 54.Nxb8 
Bxb8 55.e7 1-0

[Event "48th USA-ch (w)"]
[Site "Saint Louis USA"]
[Date "2009.10.08"]
[Round "5"]
[White "Battsetseg, Tsagaan"]
[Black "Foisor, Sabina-Francesca"]
[Result "1-0"]
[WhiteElo "2258"]
[BlackElo "2320"]
[EventDate "2009.10.04"]
[PlyCount "179"]

1.e4 c5 2.Nf3 g6 3.d4 cxd4 4.Nxd4 Bg7 5.Nc3 Nc6 6.Be3 Nf6 7.Bc4 Qa5 8.O-O 
O-O 9.Bb3 d6 10.h3 Bd7 11.Re1 Rac8 12.Nd5 Rfe8 13.Bd2 Qd8 14.Nf3 e6 15.
Nxf6+ Bxf6 16.c3 Qc7 17.Bg5 Bxg5 18.Nxg5 h6 19.Nf3 Red8 20.Qd2 Kg7 21.Rad1
Be8 22.Re3 Ne7 23.Rd3 Bc6 24.Rxd6 Rxd6 25.Qxd6 Qxd6 26.Rxd6 Bxe4 27.Ne5 
Rc7 28.f3 Bd5 29.c4 Bc6 30.Kf2 h5 31.g4 hxg4 32.hxg4 g5 33.Bc2 Kf6 34.Nxc6
Nxc6 35.Be4 Ke5 36.Rd1 Ne7 37.b3 f5 38.gxf5 exf5 39.Bb1 Ke6 40.Ke3 a6 41.
Rd8 Ng6 42.a3 Rh7 43.Bd3 Rh3 44.c5 Nh4 45.Bc4+ Ke7 46.Rb8 Nxf3 47.Rxb7+ 
Kd8 48.Bxa6 g4 49.Kf4 Nd4 50.Bc4 Kc8 51.Rg7 Nxb3 52.Be6+ Kb8 53.c6 Rc3 54.
Rb7+ Ka8 55.Rxb3 Rc5 56.Bxf5 Ka7 57.Bd7 Rc4+ 58.Kg3 Ka6 59.Rd3 Kb6 60.Rd5 
Rc3+ 61.Kxg4 Rxa3 62.Rb5+ Kc7 63.Rb7+ Kd6 64.Kf5 Ra1 65.Rb4 Kc7 66.Rc4 
Rf1+ 67.Ke5 Re1+ 68.Kd5 Rg1 69.Rc2 Rg5+ 70.Kc4 Rh5 71.Kb4 Rh4+ 72.Kb5 Rh5+
73.Rc5 Rh1 74.Bf5 Rh8 75.Be4 Re8 76.Bd5 Rb8+ 77.Kc4 Rb1 78.Ra5 Kd6 79.Be4 
Rc1+ 80.Kd4 Rd1+ 81.Ke3 Re1+ 82.Kf4 Rf1+ 83.Bf3 Rc1 84.Rd5+ Kc7 85.Rd7+ 
Kb6 86.Rb7+ Kc5 87.Ke5 Re1+ 88.Be4 Rg1 89.c7 Rg8 90.Rb8 1-0

[Event "48th USA-ch (w)"]
[Site "Saint Louis USA"]
[Date "2009.10.10"]
[Round "6"]
[White "Foisor, Sabina-Francesca"]
[Black "Goletiani, Rusudan"]
[Result "1-0"]
[WhiteElo "2320"]
[BlackElo "2391"]
[EventDate "2009.10.04"]
[PlyCount "105"]

1.d4 Nf6 2.c4 e6 3.Nc3 Bb4 4.Qc2 c5 5.dxc5 O-O 6.Nf3 Na6 7.g3 Nxc5 8.Bg2 
b6 9.Bd2 Bb7 10.O-O Rc8 11.Rfd1 a6 12.Rac1 Bxc3 13.Bxc3 b5 14.Ng5 g6 15.
Bxb7 Nxb7 16.Ne4 Ne8 17.cxb5 axb5 18.Qd3 d6 19.Qxb5 Qe7 20.Bd2 Ra8 21.Bh6 
f5 22.Bxf8 Kxf8 23.Ng5 Nc5 24.Rxc5 dxc5 25.Qc6 Ra7 26.Nxe6+ Kf7 27.Nf4 Nf6
28.a3 Rb7 29.Nd5 Nxd5 30.Qxd5+ Kg7 31.Rd2 Ra7 32.e3 Kh6 33.h4 Ra4 34.Qd7 
Qe4 35.Qd8 Ra7 36.Qf8+ Kh5 37.Qxc5 Ra6 38.Qd5 Qg4 39.Kg2 h6 40.Qf3 Ra4 41.
Qxg4+ fxg4 42.Rd5+ g5 43.hxg5 hxg5 44.Rd4 Ra8 45.a4 Ra7 46.b3 Ra8 47.Rd5 
Ra7 48.a5 Ra8 49.b4 Ra7 50.e4 Ra8 51.e5 Ra6 52.f3 Rc6 53.Rc5 1-0

[Event "48th USA-ch (w)"]
[Site "Saint Louis USA"]
[Date "2009.10.10"]
[Round "6"]
[White "Zenyuk, Iryna"]
[Black "Baginskaite, Camilla"]
[Result "0-1"]
[WhiteElo "2285"]
[BlackElo "2317"]
[EventDate "2009.10.04"]
[PlyCount "114"]

1.d4 Nf6 2.Nf3 d5 3.c4 e6 4.Nc3 Bb4 5.Bg5 h6 6.Bxf6 Qxf6 7.e3 O-O 8.Rc1 
dxc4 9.Bxc4 c5 10.O-O cxd4 11.exd4 Nc6 12.a3 Bxc3 13.bxc3 e5 14.d5 Rd8 15.
Ba2 Bg4 16.Re1 Ne7 17.c4 Ng6 18.Bb1 Bxf3 19.Qxf3 Qxf3 20.gxf3 Nh4 21.Rc3 
f6 22.c5 Rac8 23.Be4 Kf8 24.Rd1 f5 25.Bc2 b6 26.c6 Ke7 27.Kf1 Rd6 28.Ke2 
Kd8 29.Re3 Ng6 30.Bxf5 Nf4+ 31.Ke1 Ng2+ 32.Ke2 Nf4+ 33.Ke1 Ng2+ 34.Kf1 
Nxe3+ 35.fxe3 Rcxc6 36.Ke2 Rc3 37.e4 g6 38.Be6 Rxa3 39.Rc1 Rxe6 40.dxe6 
Ke7 41.Rg1 g5 42.h4 gxh4 43.Rg7+ Kxe6 44.Rg6+ Kd7 45.Rxh6 b5 46.Rxh4 b4 
47.f4 exf4 48.Rxf4 a5 49.Kd2 Rh3 50.Rf5 a4 51.Ra5 a3 52.Kc1 Kc6 53.Kb1 Kb6
54.Ra8 Kb5 55.e5 Kc4 56.e6 Kb3 57.Kc1 Re3 0-1

[Event "48th USA-ch (w)"]
[Site "Saint Louis USA"]
[Date "2009.10.11"]
[Round "7"]
[White "Abrahamyan, Tatev"]
[Black "Zenyuk, Iryna"]
[Result "1-0"]
[WhiteElo "2275"]
[BlackElo "2285"]
[EventDate "2009.10.04"]
[PlyCount "73"]

1.e4 c5 2.Nf3 d6 3.d4 cxd4 4.Nxd4 Nf6 5.Nc3 g6 6.Be3 Bg7 7.f3 Nc6 8.Bc4 
O-O 9.Bb3 Bd7 10.Qd2 Rb8 11.h4 h5 12.g4 Na5 13.O-O-O b5 14.Bh6 Nc4 15.Bxc4
bxc4 16.Bxg7 Kxg7 17.gxh5 Nxh5 18.Rhg1 Qb6 19.b3 cxb3 20.axb3 Qa5 21.Kb2 
Rfc8 22.Ra1 Qc5 23.Rg5 e5 24.Nde2 Rh8 25.f4 Nf6 26.f5 Rxh4 27.Rag1 Rh6 28.
fxg6 fxg6 29.Ng3 Rg8 30.Nf5+ Bxf5 31.exf5 Kh7 32.fxg6+ Kg7 33.Rf1 Rf8 34.
Rxf6 Rxf6 35.Ne4 Qc8 36.Nxf6 Qd8 37.Nh5+ 1-0

[Event "48th USA-ch (w)"]
[Site "Saint Louis USA"]
[Date "2009.10.11"]
[Round "7"]
[White "Baginskaite, Camilla"]
[Black "Battsetseg, Tsagaan"]
[Result "1-0"]
[WhiteElo "2317"]
[BlackElo "2258"]
[EventDate "2009.10.04"]
[PlyCount "61"]

1.d4 Nf6 2.c4 g6 3.Nf3 Bg7 4.g3 O-O 5.Bg2 d6 6.Nc3 Nbd7 7.O-O e5 8.e4 exd4
9.Nxd4 Re8 10.h3 a6 11.Be3 Rb8 12.a4 Nc5 13.Qc2 a5 14.Rad1 Nfd7 15.Ndb5 
Na6 16.Rfe1 Ne5 17.Nd5 Be6 18.Nd4 Bxd5 19.cxd5 Nb4 20.Qe2 Nd7 21.Nb5 Nf6 
22.Qc4 Rc8 23.Na7 Ra8 24.Nb5 Rc8 25.Na7 Ra8 26.f4 Nh5 27.Kh2 Bxb2 28.Nb5 
Na6 29.g4 c6 30.dxc6 bxc6 31.Nxd6 1-0

[Event "48th USA-ch (w)"]
[Site "Saint Louis USA"]
[Date "2009.10.12"]
[Round "8"]
[White "Battsetseg, Tsagaan"]
[Black "Abrahamyan, Tatev"]
[Result "0-1"]
[WhiteElo "2258"]
[BlackElo "2275"]
[EventDate "2009.10.04"]
[PlyCount "70"]

1.e4 e6 2.d4 d5 3.Nd2 Be7 4.e5 c5 5.Qg4 g6 6.dxc5 Nd7 7.Ngf3 Nxc5 8.Qd4 
Bd7 9.Nb3 Rc8 10.Be3 Nxb3 11.axb3 Rxc2 12.Qxa7 Qc8 13.Bd3 Rxb2 14.O-O Rxb3
15.Rfc1 Bc6 16.Bc2 Rc3 17.Ba4 Bxa4 18.Qxa4+ Kf8 19.Rxc3 Qxc3 20.Rc1 Qb4 
21.Qd7 Kg7 22.h4 h6 23.Rc7 Qb1+ 24.Kh2 Qf5 25.Rxb7 g5 26.Kg1 gxh4 27.Nd4 
Qg6 28.Kh2 h3 29.gxh3 Rh7 30.Rb8 Bg5 31.Qe8 Kh8 32.Nc6 Bxe3 33.Ne7 Bf4+ 
34.Kh1 Qe4+ 35.Kg1 Rg7+ 0-1

[Event "48th USA-ch (w)"]
[Site "Saint Louis USA"]
[Date "2009.10.12"]
[Round "8"]
[White "Fan, Yun"]
[Black "Goletiani, Rusudan"]
[Result "1-0"]
[WhiteElo "1935"]
[BlackElo "2391"]
[EventDate "2009.10.04"]
[PlyCount "71"]

1.e4 c5 2.Nf3 e6 3.d4 cxd4 4.Nxd4 a6 5.c4 Nf6 6.Nc3 Qc7 7.a3 Nc6 8.Be2 Ne5
9.Be3 h5 10.h3 Ng6 11.Qd2 b6 12.f4 e5 13.fxe5 Qxe5 14.O-O-O Bc5 15.Nf5 
Bxe3 16.Qxe3 O-O 17.g4 Nf4 18.gxh5 d5 19.Ne7+ Qxe7 20.Qxf4 dxe4 21.Rhg1 
Kh7 22.Qg5 Rg8 23.Nxe4 Bb7 24.Nxf6+ Qxf6 25.Bd3+ Kh8 26.Qxf6 gxf6 27.h6 
Bg2 28.h7 Rg7 29.Rxg2 Rxg2 30.Be4 Rc8 31.Bxg2 Rxc4+ 32.Kb1 Kxh7 33.Rd6 b5 
34.Rxf6 b4 35.axb4 Kg7 36.Rxf7+ 1-0

[Event "48th USA-ch (w)"]
[Site "Saint Louis USA"]
[Date "2009.10.12"]
[Round "8"]
[White "Krush, Irina"]
[Black "Baginskaite, Camilla"]
[Result "1-0"]
[WhiteElo "2458"]
[BlackElo "2317"]
[EventDate "2009.10.04"]
[PlyCount "61"]

1.d4 d5 2.c4 Nc6 3.cxd5 Qxd5 4.e3 e5 5.Nc3 Bb4 6.Bd2 Bxc3 7.bxc3 Nf6 8.f3 
O-O 9.e4 Qd6 10.d5 Ne7 11.c4 Nd7 12.Nh3 Nc5 13.Nf2 f5 14.Bb4 c6 15.Be2 
fxe4 16.O-O Bf5 17.fxe4 Bg6 18.Nd3 b6 19.Bf3 Rfd8 20.Qe2 cxd5 21.cxd5 Rac8
22.Rac1 Re8 23.Nxc5 bxc5 24.Ba3 Qb6 25.Qc4 Bf7 26.Bg4 Qg6 27.Bxc8 Nxc8 28.
Bxc5 Nb6 29.Bxb6 Qxb6+ 30.Qc5 Qg6 31.Qxa7 1-0

[Event "48th USA-ch (w)"]
[Site "Saint Louis USA"]
[Date "2009.10.13"]
[Round "9"]
[White "Baginskaite, Camilla"]
[Black "Foisor, Sabina-Francesca"]
[Result "1-0"]
[WhiteElo "2317"]
[BlackElo "2320"]
[EventDate "2009.10.04"]
[PlyCount "105"]

1.d4 d5 2.c4 c6 3.Nc3 Nf6 4.e3 a6 5.Qc2 g6 6.Bd3 Bg7 7.Nf3 O-O 8.O-O Bg4 
9.Ne5 Be6 10.c5 Nfd7 11.Nxd7 Nxd7 12.b4 f6 13.Bd2 Bf7 14.f4 e5 15.f5 e4 
16.Be2 gxf5 17.Bd1 Bh6 18.Ne2 Kh8 19.Kh1 Rg8 20.Ng3 Rxg3 21.hxg3 Qc7 22.g4
Qg3 23.Rxf5 Bg6 24.Rf1 Bxe3 25.Bxe3 Qxe3 26.Qf2 Qc3 27.Be2 Re8 28.Rac1 Qa3
29.Qf4 Re7 30.Rce1 Rf7 31.g5 f5 32.g3 Qxb4 33.Qe3 Nf8 34.Rb1 Qa4 35.Bd1 
Qxa2 36.Bb3 Qa5 37.g4 Qc7 38.gxf5 Bxf5 39.Bd1 Be6 40.Bh5 Ng6 41.Rf6 Rxf6 
42.gxf6 Kg8 43.Qh6 Qf7 44.Rg1 Bf5 45.Qg5 Bh3 46.Qg3 Bf5 47.Qb8+ Qf8 48.Qe5
Qc8 49.Rg5 Be6 50.Bxg6 hxg6 51.Rxg6+ Kf8 52.Qd6+ Kf7 53.Rg7+ 1-0

[Event "48th USA-ch (w)"]
[Site "Saint Louis USA"]
[Date "2009.10.13"]
[Round "9"]
[White "Goletiani, Rusudan"]
[Black "Zenyuk, Iryna"]
[Result "1-0"]
[WhiteElo "2391"]
[BlackElo "2285"]
[EventDate "2009.10.04"]
[PlyCount "81"]

1.Nf3 Nf6 2.c4 g6 3.g3 Bg7 4.Bg2 d6 5.d3 O-O 6.O-O Nc6 7.Nc3 e5 8.Bg5 h6 
9.Bxf6 Bxf6 10.Rb1 a5 11.a3 Be6 12.Nd2 Qd7 13.Re1 Bg7 14.b4 axb4 15.axb4 
e4 16.b5 Ne7 17.Qc2 exd3 18.Qxd3 Bf5 19.e4 Be6 20.Ne2 Ra2 21.Nb3 Kh8 22.
Nf4 Rfa8 23.Nxe6 Qxe6 24.e5 dxe5 25.Bxb7 Qb6 26.Qf3 R8a3 27.Ba6 f5 28.c5 
Qe6 29.Qa8+ Kh7 30.Nc1 Ra1 31.Rxa1 Rxa1 32.Nd3 Rxe1+ 33.Nxe1 e4 34.Qd8 e3 
35.b6 exf2+ 36.Kxf2 cxb6 37.cxb6 Nc6 38.Qc7 Nd4 39.Bc4 Qe4 40.b7 f4 41.
b8=Q 1-0